[Event "San Sebastian op 39th"]
[Site "San Sebastian"]
[Date "2016.03.19"]
[Round "1"]
[White "Mendia Rezola, Jokin"]
[Black "Nava Pereda, Carlos"]
[Result "0-1"]
[WhiteElo "1758"]
[BlackElo "2268"]
[PlyCount "130"]
[EventDate "2016.03.19"]
[EventType "swiss"]
[EventRounds "9"]
[EventCountry "ESP"]
[SourceTitle "CBM 171 Extra"]
[Source "ChessBase"]
[SourceDate "2016.04.26"]
[SourceVersion "1"]
[SourceVersionDate "2016.04.26"]
[SourceQuality "1"]

1. e4 Nc6 2. Nf3 d6 3. c4 e5 4. d4 Bg4 5. d5 Nd4 6. Be2 Bxf3 7. Bxf3 c5 8. 0-0 g6 9. Qa4+ Qd7 10. Qxd7+ Kxd7 11. Bd1 f5 12. Nc3 Nf6 13. Bg5 Nxe4 14. Nxe4 fxe4 15. Re1 h5 16. Rxe4 Bh6 17. Bxh6 Rxh6 18. f4 exf4 19. Rxf4 Rh7 20. Ba4+ Kc7 21. Re1 Rg8 22. Rfe4 Rgg7 23. Bd1 Rf7 24. h3 a6 25. R1e3 b5 26. b3 Kb6 27. Re8 Nf5 28. R3e6 Re7 29. R8xe7 Rxe7 30. Rxe7 Nxe7 31. Be2 Ka5 32. a3 Nc8 33. Bd3 g5 34. Bc2 Nb6 35. cxb5 axb5 36. Kf2 Nxd5 37. Kf3 Nf6 38. g3 d5 39. h4 gxh4 40. gxh4 b4 41. a4 c4 42. Kf4 Ne4 43. Ke5 Nd2 44. bxc4 dxc4 45. Kd4 b3 46. Bg6 b2 47. Kc3 b1Q 48. Bxb1 Nxb1+ 49. Kxc4 Nd2+ 50. Kd3 Nf3 51. Ke4 Nxh4 52. Kf4 Ng6+ 53. Kg5 h4 54. Kg4 Kxa4 55. Kh3 Kb4 56. Kg2 Kc4 57. Kh3 Kd4 58. Kh2 Ke4 59. Kh3 Kf4 60. Kg2 Kg4 61. Kh2 Nf4 62. Kg1 Kg3 63. Kh1 h3 64. Kg1 Nd3 65. Kh1 Nf2+ 0-1

[Event "San Sebastian op 38th"]
[Site "San Sebastian"]
[Date "2015.03.29"]
[Round "3"]
[White "Sadusea, Johnny Fernando"]
[Black "Mendia Rezola, Jokin"]
[Result "1-0"]
[WhiteElo "2071"]
[BlackElo "1756"]
[PlyCount "101"]
[EventDate "2015.03.28"]
[EventType "swiss"]
[EventRounds "9"]
[EventCountry "ESP"]
[SourceTitle "CBM 165 Extra"]
[Source "ChessBase"]
[SourceDate "2015.04.21"]
[SourceVersion "1"]
[SourceVersionDate "2015.04.21"]
[SourceQuality "1"]

1. e4 e5 2. Nf3 Nc6 3. d4 exd4 4. Bc4 Bc5 5. 0-0 Nf6 6. e5 d5 7. Bb5 Ne4 8. Nxd4 Bd7 9. Bxc6 bxc6 10. c3 0-0 11. f3 Ng5 12. f4 Ne4 13. Be3 f6 14. exf6 Qxf6 15. Nd2 Rae8 16. Nxe4 Rxe4 17. Qd2 Qg6 18. Rae1 Qg4 19. g3 h5 20. Nc2 Bd6 21. Bxa7 Rexf4 22. Rxf4 Rxf4 23. Bf2 h4 24. Ne3 Qg6 25. Qc2 Qg5 26. Ng2 hxg3 27. Bxg3 Rg4 28. Bxd6 cxd6 29. Qf2 Bf5 30. h4 Qg6 31. Kh2 Ra4 32. b3 Re4 33. Rxe4 dxe4 34. Ne3 Be6 35. Qg3 Qxg3+ 36. Kxg3 Kf7 37. Kf4 d5 38. Ke5 Ke7 39. b4 Kd7 40. a4 Bf7 41. a5 Kc7 42. Kd4 Bh5 43. c4 Bf7 44. b5 dxc4 45. b6+ Kb7 46. Nxc4 Bd5 47. Nd6+ Ka6 48. Nxe4 Kb7 49. Nc5+ Kb8 50. a6 Bf3 51. Nd7+ 1-0

[Event "Donostia Gipuzkoa-ch"]
[Site "San Sebastian"]
[Date "2013.10.05"]
[Round "1"]
[White "Mendia Rezola, Jokin"]
[Black "Nogues Fernandez, Ramon"]
[Result "0-1"]
[WhiteElo "1713"]
[BlackElo "1934"]
[PlyCount "66"]
[EventDate "2013.10.05"]
[EventType "swiss"]
[EventRounds "7"]
[EventCountry "ESP"]
[SourceTitle "EXT 2015"]
[Source "ChessBase"]
[SourceDate "2014.11.20"]
[SourceVersion "1"]
[SourceVersionDate "2014.11.20"]
[SourceQuality "1"]

1. e4 c5 2. Nf3 Nc6 3. c4 e5 4. Nc3 d6 5. d3 Be7 6. Be2 f5 7. h3 Nf6 8. 0-0 0-0 9. Qc2 Nd4 10. Nxd4 exd4 11. Nd5 fxe4 12. dxe4 Nxd5 13. cxd5 Bd7 14. f4 Qc7 15. b4 b6 16. bxc5 bxc5 17. Bb2 Bf6 18. Bc4 Kh8 19. Rae1 Rab8 20. Qf2 Rfe8 21. Bc1 Qd8 22. Qf3 g6 23. Re2 Rb4 24. Qd3 Qb8 25. Rfe1 Rxc4 26. Qxc4 Bb5 27. Qb3 c4 28. Qb4 c3 29. e5 Bxe2 30. Qxb8 Rxb8 31. exf6 d3 32. f7 Kg7 33. Kf2 d2 0-1

[Event "Donostia Spring op 09th"]
[Site "Donostia"]
[Date "2013.05.04"]
[Round "4"]
[White "Mendia Rezola, Jokin"]
[Black "Tholey, Jean Paul"]
[Result "0-1"]
[WhiteElo "1708"]
[BlackElo "1927"]
[PlyCount "91"]
[EventDate "2013.04.19"]
[EventType "swiss"]
[EventRounds "8"]
[EventCountry "ESP"]
[SourceTitle "EXT 2024"]
[Source "ChessBase"]
[SourceDate "2023.10.10"]
[SourceVersion "1"]
[SourceVersionDate "2023.10.10"]
[SourceQuality "1"]

1. e4 e6 2. d4 d5 3. e5 c5 4. c3 Nc6 5. Nf3 Qb6 6. a3 Bd7 7. b4 cxd4 8. cxd4 Rc8 9. Bb2 Na5 10. Nbd2 Nc4 11. Nxc4 dxc4 12. Rc1 a5 13. Rxc4 Rxc4 14. Bxc4 axb4 15. Qb3 Qa5 16. 0-0 b5 17. Bd3 bxa3 18. Bc3 b4 19. Bd2 Qa4 20. Bc4 Qxb3 21. Bxb3 Bb5 22. Rc1 Kd8 23. Ne1 Nh6 24. Nc2 Nf5 25. Bxb4 Bxb4 26. Nxb4 Ke7 27. Nc2 Rc8 28. Ra1 Bc4 29. Bxc4 Rxc4 30. Nxa3 Ra4 31. Nc2 Rxa1+ 32. Nxa1 Nxd4 33. f4 Ne2+ 34. Kf2 Nxf4 35. Kf3 Nd5 36. Nc2 Kd7 37. Nd4 Kc7 38. g4 Kb6 39. Ke4 Nc3+ 40. Kf4 Kc5 41. Nf3 h6 42. h4 Kd5 43. h5 Nb5 44. g5 Nd4 45. g6 fxg6 46. Nh4 0-1